Bases fisiológicas de la práctica médica

Uloženo v:
Podrobná bibliografie
Hlavní autoři: Best, Charles Herbert (Autor), Brobeck, John R (Autor)
Médium: Kniha
Jazyk:španělština
Vydáno: Buenos Aires Médica Panamericana 1982
Vydání:10a. ed
Témata:
Tagy: Přidat tag
Žádné tagy, Buďte první, kdo vytvoří štítek k tomuto záznamu!

MARC

LEADER 00000nam a2200000 a 4500
001 UCZ6540
003 CL-VaPUC
008 951211e19820000AG |||||||||||||||||spa|d
082 0 4 |a 612  |b BES  |2 21 
100 0 |a Best, Charles Herbert  |e author  |9 350895 
700 0 |a Brobeck, John R  |e author  |9 350896 
245 1 0 |a Bases fisiológicas de la práctica médica 
250 |a 10a. ed 
300 |a 1560 p 
942 |c BK 
945 |d 19951211 00:00:00  |a cmena 
260 |a Buenos Aires  |b Médica Panamericana  |c 1982 
650 7 |a FISIOLOGIA  |2 CL-VaPUC  |9 350897 
650 0 |a Efectos fisiológicos  |9 327358 
650 0 |a Metabolismo  |9 259893 
650 0 |a Ciclo de vida  |9 349262 
650 0 |a Fisiología humana   |9 269557 
583 |a last modification  |c 19951211 00:00:00  |k Rodrigo Vera 
999 |c 242739  |d 242737 
952 |0 0  |1 0  |4 0  |6 612_000000000000000_BES_1982  |7 0  |8 P  |9 255877  |a BIBEDU  |b BIBEDU  |c BIBEDU_PB  |d 2019-11-19  |i 1604600  |o 612 BES 1982  |p 1604600  |r 2024-01-25  |w 2019-11-19  |y BK  |k EDU 
952 |0 0  |1 0  |4 0  |6 612_000000000000000_BES_1982  |7 0  |8 P  |9 255879  |a BIBEDU  |b BIBEDU  |c BIBEDU_PB  |d 2019-11-19  |i 1604813  |o 612 BES 1982  |p 1604813  |r 2024-01-25  |w 2019-11-19  |y BK  |k EDU